UGC NET Paper 1 Teaching & Research Aptitude 10th ed (Record no. 1345)

MARC details
000 -LEADER
fixed length control field 00352nam a22001337a 4500
008 - FIXED-LENGTH DATA ELEMENTS--GENERAL INFORMATION
fixed length control field 260429b |||||||| |||| 00| 0 eng d
020 ## - INTERNATIONAL STANDARD BOOK NUMBER
International Standard Book Number 978-9371360128
082 ## - DEWEY DECIMAL CLASSIFICATION NUMBER
Classification number 002052
100 ## - MAIN ENTRY--PERSONAL NAME
Personal name Madaan,KVS
245 ## - TITLE STATEMENT
Title UGC NET Paper 1 Teaching & Research Aptitude 10th ed
260 ## - PUBLICATION, DISTRIBUTION, ETC.
Place of publication, distribution, etc. New Delhi
Name of publisher, distributor, etc. Pearson Publications
Date of publication, distribution, etc. 2026
300 ## - PHYSICAL DESCRIPTION
Extent 688p
942 ## - ADDED ENTRY ELEMENTS (KOHA)
Source of classification or shelving scheme Dewey Decimal Classification
Holdings
Withdrawn status Lost status Source of classification or shelving scheme Damaged status Not for loan Home library Current library Shelving location Date acquired Source of acquisition Inventory number Total Checkouts Full call number Barcode Date last seen Price effective from Koha item type
    Dewey Decimal Classification     Karnataka Samskrit University Library Karnataka Samskrit University Library General Stacks 03/31/2026 Book Paradise 11654   002052 002052 04/29/2026 04/29/2026 Books

Powered by Koha